Welcome to CU Library Online Public Access Catalogue (OPAC)

Contemporary Services Marketing Management: (Record no. 2511)

MARC details
000 -LEADER
fixed length control field 00558nam a22001817a 4500
005 - DATE AND TIME OF LATEST TRANSACTION
control field 20250110130153.0
008 - FIXED-LENGTH DATA ELEMENTS--GENERAL INFORMATION
fixed length control field 250110b |||||||| |||| 00| 0 eng d
020 ## - INTERNATIONAL STANDARD BOOK NUMBER
International Standard Book Number 9780030990359
050 ## - LIBRARY OF CONGRESS CALL NUMBER
Classification number HF5415 CON
245 ## - TITLE STATEMENT
Title Contemporary Services Marketing Management:
Remainder of title A Reader/
Statement of responsibility, etc. edited by; Mark Gabbott & Gillian Hogg
260 ## - PUBLICATION, DISTRIBUTION, ETC.
Place of publication, distribution, etc. London
Name of publisher, distributor, etc. The Dryden Press
Date of publication, distribution, etc. 1997
300 ## - PHYSICAL DESCRIPTION
Extent xiv. 537p.
Other physical details ill.
Dimensions 24.5 cm x 16.5 cm
500 ## - GENERAL NOTE
General note Includes Index
650 ## - SUBJECT ADDED ENTRY--TOPICAL TERM
Source of heading or term Marketing
700 ## - ADDED ENTRY--PERSONAL NAME
Personal name Gabbott Mark (ed.)
700 ## - ADDED ENTRY--PERSONAL NAME
Personal name Hogg Gillian (ed.)
942 ## - ADDED ENTRY ELEMENTS (KOHA)
Source of classification or shelving scheme Library of Congress Classification
Koha item type Books
Suppress in OPAC No
999 ## -
-- 2511
-- 2511
Holdings
Withdrawn status Lost status Source of classification or shelving scheme Damaged status Not for loan Collection Home library Current library Shelving location Date acquired Total checkouts Full call number Barcode Date last seen Copy number Price effective from Koha item type
    Library of Congress Classification     Non-fiction Business Library (Miotso) Business Library (Miotso) General stacks 01/10/2025   HF5415 CON BSSM00000416 01/10/2025 1 01/10/2025 Books
    Library of Congress Classification     Non-fiction Business Library (Miotso) Business Library (Miotso) General stacks 02/25/2025   HF5415 CON BSSM00001012 02/25/2025 2 02/25/2025 Books
    Library of Congress Classification     Non-fiction Undergraduate Library (Christ Temple) Undergraduate Library (Christ Temple) General stacks 05/07/2025   HF 5415.1 CON ulct00002272 05/07/2025 1 05/07/2025 Books
    Library of Congress Classification     Non-fiction Undergraduate Library (Christ Temple) Undergraduate Library (Christ Temple) General stacks 05/07/2025   HF 5415.1 CON ulct00002273 05/07/2025 2 05/07/2025 Books
    Library of Congress Classification     Non-fiction Undergraduate Library (Christ Temple) Undergraduate Library (Christ Temple) General stacks 05/07/2025   HF 5415.1 CON ulct00002274 05/07/2025 3 05/07/2025 Books
    Library of Congress Classification     Non-fiction Undergraduate Library (Christ Temple) Undergraduate Library (Christ Temple) General stacks 05/07/2025   HF 5415.1 CON ulct00002275 05/07/2025 4 05/07/2025 Books
© 2023-2024 Copyright: Central University Libraries. All Rights Reserved | Created by: Mahone Tech Office